000 00277pab a2200109 454500
008 180718b xxu||||| |||| 00| 0 eng d
100 _aNanda, Antara
245 _aNo ddvelopment without water management
650 _aWater Supply
773 _aFinancial Management
909 _a21900
999 _c21900
_d21900